[Event "23rd ETCC Women 2021"]
[Site "Catez"]
[Date "2021.11.20"]
[Round "8.14"]
[White "Mammadova, Gulnar"]
[Black "Gara, Ticia"]
[Result "1/2-1/2"]
[WhiteElo "2395"]
[BlackElo "2331"]
[Annotator "NA"]
[PlyCount "110"]
[EventDate "2021.11.08"]
[EventType "team-tourn"]
[EventCountry "SLO"]
[SourceTitle "playchess.com"]
[Source "ChessBase"]
[SourceQuality "1"]
[WhiteTeam "Azerbaijan"]
[BlackTeam "Hungary"]
[WhiteTeamCountry "AZE"]
[BlackTeamCountry "HUN"]
[TimeControl "40/5400+30:1800+30"]

1. e4 {[%emt 0:00:04]} c6 {[%emt 0:00:05]} 2. d4 {[%emt 0:00:20]} d5 {[%emt 0:
00:04]} 3. Nc3 {[%emt 0:00:16]} dxe4 {[%emt 0:00:05]} 4. Nxe4 {[%emt 0:00:04]}
Nf6 {[%emt 0:00:05]} 5. Nxf6+ {[%emt 0:00:21]} exf6 {[%emt 0:00:05]} 6. c3 {
[%emt 0:00:06]} Bd6 {[%emt 0:00:17]} 7. Bd3 {[%emt 0:00:15]} O-O {[%emt 0:00:
24]} 8. Qc2 {[%emt 0:00:09]} Re8+ {[%emt 0:00:29]} 9. Ne2 {[%emt 0:00:06]} h5 {
[%emt 0:00:17]} 10. Be3 {[%emt 0:00:16]} Nd7 {[%emt 0:00:45]} 11. O-O-O {
[%emt 0:00:25]} Nf8 {[%emt 0:00:22]} 12. Kb1 {[%emt 0:00:15]} Be6 {[%emt 0:00:
52]} 13. c4 {[%emt 0:00:27]} Rc8 {[%emt 0:00:54]} 14. h3 {[%emt 0:06:31]} b5 {
[%emt 0:01:36]} 15. c5 {[%emt 0:01:59]} Bb8 {[%emt 0:00:48]} 16. Be4 {[%emt 0:
06:50]} Bd5 {[%emt 0:06:27]} 17. Bxd5 {[%emt 0:03:23]} Qxd5 {[%emt 0:00:24]}
18. g4 {[%emt 0:02:07]} h4 {[%emt 0:06:43]} 19. Nc3 {[%emt 0:03:19]} Qf3 {
[%emt 0:04:50]} 20. Qe2 {[%emt 0:07:17]} Qxe2 {[%emt 0:03:27]} 21. Nxe2 {
[%emt 0:00:08]} Ne6 {[%emt 0:07:02]} 22. d5 {[%emt 0:05:58]} Nxc5 {[%emt 0:27:
33]} 23. Bxc5 {[%emt 0:00:40]} Rxe2 {[%emt 0:00:06]} 24. d6 {[%emt 0:00:57]}
Rd8 {[%emt 0:01:22]} 25. Rd3 {[%emt 0:03:37]} Re5 {[%emt 0:13:43]} 26. b4 {
[%emt 0:09:45]} Rd7 {[%emt 0:02:12]} 27. Rhd1 {[%emt 0:08:06]} Kf8 {[%emt 0:01:
10]} 28. f4 {[%emt 0:02:50]} Re4 {[%emt 0:02:08]} 29. f5 {[%emt 0:06:29]} Ke8 {
[%emt 0:03:04]} 30. Kb2 {[%emt 0:05:16]} Kd8 {[%emt 0:01:14]} 31. Kb3 {[%emt 0:
00:35]} Re2 {[%emt 0:03:21]} 32. Rg1 {[%emt 0:02:51]} Re5 {[%emt 0:02:41]} 33.
Rgd1 {[%emt 0:08:45]} Re2 {[%emt 0:01:55]} 34. a4 {[%emt 0:06:06]} Kc8 {
[%emt 0:02:02]} 35. Rg1 {[%emt 0:02:22]} Re5 {[%emt 0:01:52]} 36. Rgd1 {
[%emt 0:03:35]} Re2 {[%emt 0:00:23]} 37. Rg1 {[%emt 0:00:23]} Re5 {[%emt 0:00:
05]} 38. Rgd1 {[%emt 0:00:48]} Re2 {[%emt 0:00:37]} 39. Rg1 {[%emt 0:00:24]}
Kb7 {[%emt 0:05:30]} 40. a5 {[%emt 0:03:17]} Re5 {[%emt 0:01:49]} 41. Rgd1 {
[%emt 0:31:15]} Rd5 {[%emt 0:12:16]} 42. Rxd5 {[%emt 0:00:00]} cxd5 {[%emt 0:
00:22]} 43. Rxd5 {[%emt 0:00:00]} Kc6 {[%emt 0:00:20]} 44. Rd2 {[%emt 0:00:00]}
Bxd6 {[%emt 0:00:33]} 45. Bf2 {[%emt 0:00:00]} a6 {[%emt 0:08:00]} 46. Bxh4 {
[%emt 0:00:00]} Re7 {[%emt 0:00:58]} 47. Bf2 {[%emt 0:00:00]} Re4 {[%emt 0:00:
40]} 48. Rc2+ {[%emt 0:00:00]} Kd7 {[%emt 0:01:57]} 49. Bc5 {[%emt 0:00:00]}
Bxc5 {[%emt 0:01:06]} 50. Rxc5 {[%emt 0:00:00]} Re3+ {[%emt 0:02:10]} 51. Rc3 {
[%emt 0:00:00]} Re4 {[%emt 0:00:24]} 52. Rd3+ {[%emt 0:00:00]} Kc7 {[%emt 0:00:
17]} 53. Rc3+ {[%emt 0:00:00]} Kd7 {[%emt 0:00:02]} 54. Rd3+ {[%emt 0:00:00]}
Kc7 {[%emt 0:00:08]} 55. Rc3+ {[%emt 0:00:00]} Kd7 {[%emt 0:00:21]} 1/2-1/2

[Event "23rd ETCC Women 2021"]
[Site "Catez"]
[Date "2021.11.20"]
[Round "8.15"]
[White "Gaal, Zsoka"]
[Black "Balajayeva, Khanim"]
[Result "1-0"]
[WhiteElo "2336"]
[BlackElo "2369"]
[Annotator "NA"]
[PlyCount "125"]
[EventDate "2021.11.08"]
[EventType "team-tourn"]
[EventCountry "SLO"]
[SourceTitle "playchess.com"]
[Source "ChessBase"]
[SourceQuality "1"]
[WhiteTeam "Hungary"]
[BlackTeam "Azerbaijan"]
[WhiteTeamCountry "HUN"]
[BlackTeamCountry "AZE"]
[TimeControl "40/5400+30:1800+30"]

1. Nf3 {[%emt 0:00:08]} Nf6 {[%emt 0:00:06]} 2. g3 {[%emt 0:00:06]} b6 {
[%emt 0:00:02]} 3. Bg2 {[%emt 0:00:07]} Bb7 {[%emt 0:00:03]} 4. O-O {[%emt 0:
00:08]} e6 {[%emt 0:00:02]} 5. c4 {[%emt 0:00:24]} Be7 {[%emt 0:00:04]} 6. Nc3
{[%emt 0:00:19]} O-O {[%emt 0:00:19]} 7. Re1 {[%emt 0:00:29]} d5 {[%emt 0:00:
40]} 8. cxd5 {[%emt 0:00:53]} exd5 {[%emt 0:00:03]} 9. d4 {[%emt 0:00:10]} Nbd7
{[%emt 0:00:45]} 10. Bf4 {[%emt 0:01:10]} c5 {[%emt 0:00:38]} 11. dxc5 {
[%emt 0:00:52]} Nxc5 {[%emt 0:05:56]} 12. Nd4 {[%emt 0:03:08]} Nfe4 {[%emt 0:
13:24]} 13. Rc1 {[%emt 0:00:22]} Bf6 {[%emt 0:00:10]} 14. Be3 {[%emt 0:14:19]}
Qd7 {[%emt 0:08:57]} 15. Nb1 {[%emt 0:16:13]} Rac8 {[%emt 0:10:16]} 16. Nd2 {
[%emt 0:07:24]} Rfe8 {[%emt 0:04:48]} 17. N2f3 {[%emt 0:00:46]} h6 {[%emt 0:11:
48]} 18. Rc2 {[%emt 0:02:29]} Nd6 {[%emt 0:03:00]} 19. Bc1 {[%emt 0:15:42]}
Nce4 {[%emt 0:04:58]} 20. e3 {[%emt 0:01:31]} Rc5 {[%emt 0:08:13]} 21. Bf1 {
[%emt 0:06:18]} Rec8 {[%emt 0:00:37]} 22. Bd3 {[%emt 0:02:18]} h5 {[%emt 0:00:
48]} 23. Qe2 {[%emt 0:04:29]} g5 {[%emt 0:07:51]} 24. Rd1 {[%emt 0:01:09]} Re8
{[%emt 0:04:52]} 25. Qf1 {[%emt 0:08:15]} h4 {[%emt 0:01:30]} 26. b3 {[%emt 0:
02:26]} hxg3 {[%emt 0:02:50]} 27. hxg3 {[%emt 0:00:10]} Qc8 {[%emt 0:02:19]}
28. Ba3 {[%emt 0:01:31]} Rxc2 {[%emt 0:00:51]} 29. Nxc2 {[%emt 0:02:16]} Nf5 {
[%emt 0:03:37]} 30. Ncd4 {[%emt 0:02:43]} Nxd4 {[%emt 0:01:41]} 31. Nxd4 {
[%emt 0:00:12]} Bxd4 {[%emt 0:01:39]} 32. exd4 {[%emt 0:00:02]} Qc3 {[%emt 0:
00:15]} 33. Bb5 {[%emt 0:05:12]} Re6 {[%emt 0:01:00]} 34. Qd3 {[%emt 0:01:00]}
Bc6 {[%emt 0:01:04]} 35. Ba6 {[%emt 0:01:02]} Rf6 {[%emt 0:01:05]} 36. Qxc3 {
[%emt 0:00:18]} Nxc3 {[%emt 0:00:03]} 37. Rc1 {[%emt 0:00:41]} Ne4 {[%emt 0:01:
21]} 38. Rc2 {[%emt 0:01:10]} Bd7 {[%emt 0:00:38]} 39. Bb7 {[%emt 0:00:49]} Be6
{[%emt 0:00:21]} 40. Kg2 {[%emt 0:01:01]} g4 {[%emt 0:00:04]} 41. Bc1 {[%emt 0:
02:14]} Rf3 {[%emt 0:03:22]} 42. Ba6 {[%emt 0:09:57]} Bf5 {[%emt 0:07:04]} 43.
Re2 {[%emt 0:05:30]} Nc3 {[%emt 0:02:11]} 44. Re3 {[%emt 0:02:50]} Nxa2 {
[%emt 0:15:39]} 45. Bd2 {[%emt 0:00:06]} Rxe3 {[%emt 0:00:03]} 46. fxe3 {
[%emt 0:00:08]} Be4+ {[%emt 0:00:02]} 47. Kf2 {[%emt 0:00:30]} f5 {[%emt 0:00:
04]} 48. b4 {[%emt 0:05:22]} Kf7 {[%emt 0:00:06]} 49. Ke1 {[%emt 0:00:59]} Ke6
{[%emt 0:00:25]} 50. Kd1 {[%emt 0:00:09]} Kd6 {[%emt 0:00:47]} 51. Bb5 {
[%emt 0:00:06]} a6 {[%emt 0:04:14]} 52. Ba4 {[%emt 0:01:13]} a5 {[%emt 0:01:40]
} 53. bxa5 {[%emt 0:00:11]} bxa5 {[%emt 0:00:02]} 54. Bxa5 {[%emt 0:00:17]} Bb1
{[%emt 0:00:02]} 55. Bd2 {[%emt 0:00:55]} Bd3 {[%emt 0:01:33]} 56. Bb3 {
[%emt 0:00:32]} Bc4 {[%emt 0:01:23]} 57. Kc2 {[%emt 0:00:34]} Ke6 {[%emt 0:00:
14]} 58. Kb2 {[%emt 0:04:05]} Bd3 {[%emt 0:01:03]} 59. Bxa2 {[%emt 0:00:14]}
Be4 {[%emt 0:00:04]} 60. Bb1 {[%emt 0:00:35]} Bf3 {[%emt 0:00:03]} 61. Ka3 {
[%emt 0:00:20]} Be2 {[%emt 0:00:25]} 62. Kb4 {[%emt 0:00:13]} Kd6 {[%emt 0:00:
13]} 63. Bxf5 {[%emt 0:00:09]} 1-0

[Event "23rd ETCC Women 2021"]
[Site "Catez"]
[Date "2021.11.20"]
[Round "8.16"]
[White "Beydullayeva, Govhar"]
[Black "Mihok-Juhasz, Barbara"]
[Result "1-0"]
[WhiteElo "2278"]
[BlackElo "2258"]
[Annotator "NA"]
[PlyCount "77"]
[EventDate "2021.11.08"]
[EventType "team-tourn"]
[EventCountry "SLO"]
[SourceTitle "playchess.com"]
[Source "ChessBase"]
[SourceQuality "1"]
[WhiteTeam "Azerbaijan"]
[BlackTeam "Hungary"]
[WhiteTeamCountry "AZE"]
[BlackTeamCountry "HUN"]
[TimeControl "40/5400+30:1800+30"]

1. d4 {[%emt 0:00:04]} Nf6 {[%emt 0:00:08]} 2. c4 {[%emt 0:00:04]} g6 {[%emt 0:
00:05]} 3. Nc3 {[%emt 0:00:07]} Bg7 {[%emt 0:00:04]} 4. e4 {[%emt 0:00:05]} d6
{[%emt 0:00:04]} 5. h3 {[%emt 0:00:08]} e5 {[%emt 0:00:06]} 6. d5 {[%emt 0:00:
06]} a5 {[%emt 0:00:05]} 7. Be3 {[%emt 0:00:06]} Na6 {[%emt 0:00:05]} 8. Nf3 {
[%emt 0:00:04]} O-O {[%emt 0:00:06]} 9. g4 {[%emt 0:03:09]} Nd7 {[%emt 0:00:05]
} 10. a3 {[%emt 0:09:30]} Nb6 {[%emt 0:00:07]} 11. Nd2 {[%emt 0:05:49]} Bd7 {
[%emt 0:08:22]} 12. Be2 {[%emt 0:00:58]} Nc5 {[%emt 0:01:01]} 13. b4 {[%emt 0:
08:10]} axb4 {[%emt 0:01:02]} 14. axb4 {[%emt 0:00:07]} Nca4 {[%emt 0:10:26]}
15. Nxa4 {[%emt 0:08:56]} Nxa4 {[%emt 0:03:10]} 16. Qc2 {[%emt 0:04:33]} f5 {
[%emt 0:13:47]} 17. f3 {[%emt 0:09:59]} Bh6 {[%emt 0:02:19]} 18. Bf2 {[%emt 0:
02:57]} fxe4 {[%emt 0:30:02]} 19. Nxe4 {[%emt 0:00:28]} c6 {[%emt 0:00:14]} 20.
O-O {[%emt 0:07:39]} Qe7 {[%emt 0:04:22]} 21. b5 {[%emt 0:07:17]} Nc5 {[%emt 0:
00:36]} 22. Nxc5 {[%emt 0:04:02]} dxc5 {[%emt 0:00:08]} 23. dxc6 {[%emt 0:00:
07]} bxc6 {[%emt 0:00:21]} 24. b6 {[%emt 0:00:59]} Rxa1 {[%emt 0:09:44]} 25.
Rxa1 {[%emt 0:00:05]} Rb8 {[%emt 0:02:20]} 26. Ra7 {[%emt 0:01:44]} Qe8 {
[%emt 0:10:17]} 27. Bxc5 {[%emt 0:01:01]} Bg5 {[%emt 0:00:12]} 28. Qd3 {
[%emt 0:04:37]} Bc8 {[%emt 0:01:27]} 29. Qd6 {[%emt 0:04:44]} Rb7 {[%emt 0:00:
03]} 30. Rxb7 {[%emt 0:01:33]} Bxb7 {[%emt 0:00:05]} 31. Qc7 {[%emt 0:00:48]}
Qf7 {[%emt 0:00:47]} 32. Qb8+ {[%emt 0:03:52]} Kg7 {[%emt 0:00:06]} 33. Qxe5+ {
[%emt 0:00:53]} Bf6 {[%emt 0:00:04]} 34. Qe4 {[%emt 0:00:36]} Qd7 {[%emt 0:00:
43]} 35. f4 {[%emt 0:03:04]} Qd2 {[%emt 0:02:36]} 36. g5 {[%emt 0:03:58]} Bxg5
{[%emt 0:00:09]} 37. Bd4+ {[%emt 0:00:04]} Bf6 {[%emt 0:00:16]} 38. Qe7+ {
[%emt 0:00:05]} Kg8 {[%emt 0:00:24]} 39. Qe6+ {[%emt 0:00:05]} 1-0

[Event "23rd ETCC Women 2021"]
[Site "Catez"]
[Date "2021.11.20"]
[Round "8.17"]
[White "Sebag, Marie"]
[Black "Bulmaga, Irina"]
[Result "1-0"]
[WhiteElo "2447"]
[BlackElo "2405"]
[Annotator "ChessBase"]
[PlyCount "145"]
[EventDate "2021.11.08"]
[EventType "team-tourn"]
[EventCountry "SLO"]
[SourceTitle "playchess.com"]
[Source "ChessBase"]
[SourceQuality "1"]
[WhiteTeam "France"]
[BlackTeam "Romania"]
[WhiteTeamCountry "FRA"]
[BlackTeamCountry "ROU"]
[TimeControl "40/5400+30:1800+30"]

1. e4 {[%emt 0:00:04]} e5 {[%emt 0:00:08]} 2. Nf3 {[%emt 0:00:06]} Nc6 {
[%emt 0:00:08]} 3. Bb5 {[%emt 0:00:05]} a6 {[%emt 0:00:07]} 4. Ba4 {[%emt 0:00:
11]} Nf6 {[%emt 0:00:09]} 5. O-O {[%emt 0:00:06]} b5 {[%emt 0:00:14]} 6. Bb3 {
[%emt 0:00:15]} Be7 {[%emt 0:00:10]} 7. Re1 {[%emt 0:01:15]} O-O {[%emt 0:00:
13]} 8. a4 {[%emt 0:01:19]} b4 {[%emt 0:00:25]} 9. d3 {[%emt 0:01:32]} d6 {
[%emt 0:00:38]} 10. a5 {[%emt 0:07:49]} Bg4 {[%emt 0:03:04]} 11. c3 {[%emt 0:
03:57]} bxc3 {[%emt 0:00:33]} 12. bxc3 {[%emt 0:00:10]} Rb8 {[%emt 0:01:20]}
13. Nbd2 {[%emt 0:09:16]} Qc8 {[%emt 0:07:06]} 14. h3 {[%emt 0:06:45]} Be6 {
[%emt 0:11:41]} 15. Nc4 {[%emt 0:19:55]} h6 {[%emt 0:15:20]} 16. Ba4 {[%emt 0:
02:30]} Nd8 {[%emt 0:07:14]} 17. Nfd2 {[%emt 0:07:41]} Nh7 {[%emt 0:03:22]} 18.
d4 {[%emt 0:05:33]} exd4 {[%emt 0:16:40]} 19. cxd4 {[%emt 0:01:35]} Bf6 {
[%emt 0:01:24]} 20. e5 {[%emt 0:00:53]} dxe5 {[%emt 0:01:20]} 21. Ba3 {[%emt 0:
06:03]} exd4 {[%emt 0:04:27]} 22. Bxf8 {[%emt 0:00:53]} Nxf8 {[%emt 0:00:10]}
23. Ne4 {[%emt 0:01:31]} Be7 {[%emt 0:08:16]} 24. Qxd4 {[%emt 0:02:44]} Rb4 {
[%emt 0:00:18]} 25. Ned2 {[%emt 0:01:39]} Nb7 {[%emt 0:03:55]} 26. Qc3 {
[%emt 0:04:03]} c5 {[%emt 0:01:55]} 27. Nb6 {[%emt 0:01:24]} Qc7 {[%emt 0:02:
20]} 28. Rac1 {[%emt 0:01:02]} Qf4 {[%emt 0:00:40]} 29. Bb3 {[%emt 0:04:01]}
Bf6 {[%emt 0:01:58]} 30. Qc2 {[%emt 0:03:55]} Bd4 {[%emt 0:00:55]} 31. Re2 {
[%emt 0:04:42]} Bxb3 {[%emt 0:06:33]} 32. Nxb3 {[%emt 0:00:07]} Rxb3 {[%emt 0:
00:15]} 33. Nd5 {[%emt 0:00:43]} Qg5 {[%emt 0:00:43]} 34. Ne7+ {[%emt 0:01:46]}
Kh8 {[%emt 0:00:08]} 35. h4 {[%emt 0:00:10]} Qg3 {[%emt 0:02:08]} 36. Nf5 {
[%emt 0:00:49]} Qc3 {[%emt 0:02:00]} 37. Qxc3 {[%emt 0:01:16]} Rxc3 {[%emt 0:
00:09]} 38. Rxc3 {[%emt 0:00:30]} Bxc3 {[%emt 0:00:03]} 39. Re8 {[%emt 0:00:04]
} Nxa5 {[%emt 0:00:59]} 40. Rxf8+ {[%emt 0:00:28]} Kh7 {[%emt 0:00:01]} 41. Ra8
{[%emt 0:31:12]} Bf6 {[%emt 0:13:11]} 42. h5 {[%emt 0:00:00]} Nb3 {[%emt 0:06:
07]} 43. Rxa6 {[%emt 0:00:00]} c4 {[%emt 0:01:29]} 44. Rc6 {[%emt 0:00:00]} c3
{[%emt 0:00:25]} 45. Ne3 {[%emt 0:00:00]} Nd4 {[%emt 0:01:20]} 46. Rc4 {
[%emt 0:00:00]} Nb5 {[%emt 0:05:39]} 47. Rc5 {[%emt 0:00:00]} Nd6 {[%emt 0:01:
07]} 48. Rc6 {[%emt 0:00:00]} Ne4 {[%emt 0:00:03]} 49. Rc4 {[%emt 0:00:00]} Nd6
{[%emt 0:00:12]} 50. Rc7 {[%emt 0:00:00]} Bd4 {[%emt 0:01:32]} 51. Nc2 {
[%emt 0:00:04]} Be5 {[%emt 0:00:28]} 52. Re7 {[%emt 0:00:24]} Bf6 {[%emt 0:01:
01]} 53. Rd7 {[%emt 0:00:17]} Be5 {[%emt 0:01:12]} 54. g3 {[%emt 0:00:32]} Ne4
{[%emt 0:01:34]} 55. Rxf7 {[%emt 0:00:20]} Bd6 {[%emt 0:01:30]} 56. Rf5 {
[%emt 0:00:55]} Nf6 {[%emt 0:01:20]} 57. Kf1 {[%emt 0:00:22]} Kg8 {[%emt 0:00:
40]} 58. Ke2 {[%emt 0:01:07]} Kf7 {[%emt 0:00:01]} 59. Kd3 {[%emt 0:01:47]} g6
{[%emt 0:00:02]} 60. hxg6+ {[%emt 0:00:14]} Kxg6 {[%emt 0:00:02]} 61. Ra5 {
[%emt 0:00:21]} Bc7 {[%emt 0:00:49]} 62. Ra6 {[%emt 0:00:26]} Bd8 {[%emt 0:01:
42]} 63. Nd4 {[%emt 0:01:04]} Bc7 {[%emt 0:00:49]} 64. Nb5 {[%emt 0:02:00]} Bd8
{[%emt 0:00:10]} 65. Nd6 {[%emt 0:00:23]} Be7 {[%emt 0:00:31]} 66. Ne4 {
[%emt 0:00:44]} Kf5 {[%emt 0:00:34]} 67. Nxf6 {[%emt 0:00:23]} Bxf6 {[%emt 0:
00:26]} 68. g4+ {[%emt 0:00:05]} Kg6 {[%emt 0:00:47]} 69. f4 {[%emt 0:00:13]}
Kg7 {[%emt 0:00:13]} 70. Rc6 {[%emt 0:00:08]} Kg6 {[%emt 0:00:15]} 71. Ke4 {
[%emt 0:00:08]} Kg7 {[%emt 0:00:14]} 72. Kf5 {[%emt 0:00:15]} Bd4 {[%emt 0:00:
11]} 73. Rc4 {[%emt 0:00:09]} 1-0

[Event "23rd ETCC Women 2021"]
[Site "Catez"]
[Date "2021.11.20"]
[Round "8.18"]
[White "Peptan, Corina-Isabela"]
[Black "Guichard, Pauline"]
[Result "1/2-1/2"]
[WhiteElo "2385"]
[BlackElo "2409"]
[Annotator "NA"]
[PlyCount "128"]
[EventDate "2021.11.08"]
[EventType "team-tourn"]
[EventCountry "SLO"]
[SourceTitle "playchess.com"]
[Source "ChessBase"]
[SourceQuality "1"]
[WhiteTeam "Romania"]
[BlackTeam "France"]
[WhiteTeamCountry "ROU"]
[BlackTeamCountry "FRA"]
[TimeControl "40/5400+30:1800+30"]

1. c4 {[%emt 0:00:03]} Nf6 {[%emt 0:00:11]} 2. Nf3 {[%emt 0:00:43]} e6 {
[%emt 0:00:10]} 3. e3 {[%emt 0:00:22]} d5 {[%emt 0:00:15]} 4. b3 {[%emt 0:00:
08]} Bd6 {[%emt 0:05:43]} 5. Bb2 {[%emt 0:00:14]} b6 {[%emt 0:00:43]} 6. Nc3 {
[%emt 0:00:36]} Bb7 {[%emt 0:01:57]} 7. cxd5 {[%emt 0:15:18]} exd5 {[%emt 0:03:
01]} 8. Nb5 {[%emt 0:00:20]} Be7 {[%emt 0:03:42]} 9. Be5 {[%emt 0:03:30]} Na6 {
[%emt 0:00:20]} 10. Rc1 {[%emt 0:17:53]} c5 {[%emt 0:00:13]} 11. a3 {[%emt 0:
00:09]} O-O {[%emt 0:02:54]} 12. Be2 {[%emt 0:00:06]} Ne8 {[%emt 0:05:16]} 13.
d4 {[%emt 0:07:54]} Nac7 {[%emt 0:03:17]} 14. Nxc7 {[%emt 0:00:18]} Nxc7 {
[%emt 0:00:04]} 15. O-O {[%emt 0:00:08]} Ne6 {[%emt 0:01:10]} 16. a4 {[%emt 0:
01:13]} Rc8 {[%emt 0:07:50]} 17. Qd2 {[%emt 0:03:10]} Bd6 {[%emt 0:03:11]} 18.
Rfd1 {[%emt 0:17:14]} Qe7 {[%emt 0:03:08]} 19. Bxd6 {[%emt 0:07:12]} Qxd6 {
[%emt 0:00:07]} 20. a5 {[%emt 0:05:43]} Rfd8 {[%emt 0:03:21]} 21. axb6 {
[%emt 0:07:26]} axb6 {[%emt 0:02:45]} 22. Qb2 {[%emt 0:00:29]} Ra8 {[%emt 0:11:
03]} 23. h3 {[%emt 0:02:11]} h6 {[%emt 0:01:50]} 24. Rc2 {[%emt 0:04:12]} Ra7 {
[%emt 0:09:18]} 25. dxc5 {[%emt 0:05:32]} bxc5 {[%emt 0:00:41]} 26. Rcd2 {
[%emt 0:00:17]} Qb6 {[%emt 0:03:17]} 27. Ne5 {[%emt 0:00:15]} Ba8 {[%emt 0:11:
42]} 28. Bf3 {[%emt 0:00:58]} d4 {[%emt 0:03:25]} 29. Nc4 {[%emt 0:00:04]} Qb5
{[%emt 0:06:49]} 30. Bg4 {[%emt 0:00:15]} Qc6 {[%emt 0:03:01]} 31. Bf3 {
[%emt 0:00:48]} Qe8 {[%emt 0:01:36]} 32. Bxa8 {[%emt 0:00:51]} Raxa8 {[%emt 0:
00:41]} 33. Qb1 {[%emt 0:00:21]} Qb5 {[%emt 0:00:36]} 34. Qc2 {[%emt 0:00:45]}
Ra6 {[%emt 0:02:07]} 35. Rd3 {[%emt 0:00:42]} Rda8 {[%emt 0:00:20]} 36. Qe2 {
[%emt 0:00:08]} Ra1 {[%emt 0:01:12]} 37. Rxa1 {[%emt 0:00:17]} Rxa1+ {[%emt 0:
00:04]} 38. Rd1 {[%emt 0:00:24]} Ra7 {[%emt 0:00:34]} 39. Rd3 {[%emt 0:00:50]}
Ra1+ {[%emt 0:00:18]} 40. Rd1 {[%emt 0:00:05]} Ra7 {[%emt 0:00:07]} 41. Rd3 {
[%emt 0:30:28]} Qb8 {[%emt 0:31:34]} 42. Qc2 {[%emt 0:00:00]} Qa8 {[%emt 0:00:
00]} 43. Rd1 {[%emt 0:00:00]} Ra2 {[%emt 0:00:00]} 44. Qf5 {[%emt 0:00:00]} Qb7
{[%emt 0:00:00]} 45. Qb1 {[%emt 0:00:00]} Ra6 {[%emt 0:00:00]} 46. Qd3 {
[%emt 0:00:00]} Ra2 {[%emt 0:00:00]} 47. Qb1 {[%emt 0:00:00]} Ra8 {[%emt 0:00:
00]} 48. Qc2 {[%emt 0:00:00]} Rb8 {[%emt 0:00:00]} 49. Rd3 {[%emt 0:00:00]} Qe4
{[%emt 0:00:00]} 50. Qd1 {[%emt 0:00:00]} h5 {[%emt 0:00:00]} 51. Nb2 {[%emt 0:
00:00]} Qg6 {[%emt 0:00:00]} 52. Nc4 {[%emt 0:00:00]} Ra8 {[%emt 0:00:00]} 53.
Ne5 {[%emt 0:00:18]} Qe4 {[%emt 0:00:00]} 54. Nf3 {[%emt 0:03:10]} Ra2 {
[%emt 0:00:00]} 55. Rd2 {[%emt 0:02:49]} Rxd2 {[%emt 0:00:00]} 56. Nxd2 {
[%emt 0:00:11]} Qd3 {[%emt 0:00:00]} 57. Qe1 {[%emt 0:00:19]} Qc3 {[%emt 0:00:
03]} 58. Nf3 {[%emt 0:01:29]} Qb2 {[%emt 0:04:58]} 59. exd4 {[%emt 0:00:36]}
cxd4 {[%emt 0:00:05]} 60. Qd2 {[%emt 0:01:04]} Qb1+ {[%emt 0:02:44]} 61. Kh2 {
[%emt 0:00:14]} d3 {[%emt 0:01:20]} 62. Ne5 {[%emt 0:00:48]} Qxb3 {[%emt 0:01:
50]} 63. Nxd3 {[%emt 0:00:24]} Qd5 {[%emt 0:00:13]} 64. Qe3 {[%emt 0:00:14]}
Qd6+ {[%emt 0:00:05]} 1/2-1/2

[Event "23rd ETCC Women 2021"]
[Site "Catez"]
[Date "2021.11.20"]
[Round "8.20"]
[White "Sandu, Mihaela"]
[Black "Navrotescu, Andreea"]
[Result "1-0"]
[WhiteElo "2244"]
[BlackElo "2210"]
[Annotator "NA"]
[PlyCount "81"]
[EventDate "2021.11.08"]
[EventType "team-tourn"]
[EventCountry "SLO"]
[SourceTitle "playchess.com"]
[Source "ChessBase"]
[SourceQuality "1"]
[WhiteTeam "Romania"]
[BlackTeam "France"]
[WhiteTeamCountry "ROU"]
[BlackTeamCountry "FRA"]
[TimeControl "40/5400+30:1800+30"]

1. e4 {[%emt 0:00:03]} e6 {[%emt 0:00:04]} 2. d3 {[%emt 0:00:43]} d5 {[%emt 0:
00:34]} 3. Nd2 {[%emt 0:00:09]} Nf6 {[%emt 0:00:38]} 4. Ngf3 {[%emt 0:00:06]}
c5 {[%emt 0:03:58]} 5. Be2 {[%emt 0:00:14]} Nc6 {[%emt 0:00:50]} 6. c3 {
[%emt 0:00:20]} Be7 {[%emt 0:04:26]} 7. O-O {[%emt 0:02:01]} O-O {[%emt 0:00:
15]} 8. Re1 {[%emt 0:00:18]} Qc7 {[%emt 0:11:30]} 9. Qc2 {[%emt 0:01:39]} b6 {
[%emt 0:09:50]} 10. Nf1 {[%emt 0:01:08]} Bb7 {[%emt 0:03:25]} 11. Ng3 {[%emt 0:
07:57]} Rfd8 {[%emt 0:03:13]} 12. Bf1 {[%emt 0:03:10]} Rac8 {[%emt 0:04:21]}
13. Bg5 {[%emt 0:10:29]} h6 {[%emt 0:01:37]} 14. Bd2 {[%emt 0:02:59]} b5 {
[%emt 0:12:17]} 15. Qc1 {[%emt 0:05:17]} dxe4 {[%emt 0:05:14]} 16. Nxe4 {
[%emt 0:10:45]} Ne5 {[%emt 0:08:40]} 17. Nxe5 {[%emt 0:04:01]} Qxe5 {[%emt 0:
02:06]} 18. Bf4 {[%emt 0:00:28]} Qf5 {[%emt 0:01:49]} 19. Ng3 {[%emt 0:02:12]}
Qg6 {[%emt 0:00:34]} 20. a4 {[%emt 0:11:21]} b4 {[%emt 0:00:33]} 21. cxb4 {
[%emt 0:00:27]} cxb4 {[%emt 0:00:14]} 22. Qd2 {[%emt 0:00:17]} Nd5 {[%emt 0:00:
55]} 23. Be5 {[%emt 0:00:36]} a5 {[%emt 0:06:05]} 24. Rac1 {[%emt 0:02:10]} f6
{[%emt 0:01:12]} 25. Bd4 {[%emt 0:00:49]} e5 {[%emt 0:00:11]} 26. Ba7 {[%emt 0:
01:01]} Nf4 {[%emt 0:14:40]} 27. Rxc8 {[%emt 0:00:43]} Rxc8 {[%emt 0:01:07]}
28. Rc1 {[%emt 0:01:12]} Qe8 {[%emt 0:01:50]} 29. d4 {[%emt 0:02:46]} Qxa4 {
[%emt 0:00:51]} 30. dxe5 {[%emt 0:00:34]} fxe5 {[%emt 0:00:29]} 31. Nf5 {
[%emt 0:00:55]} Bf8 {[%emt 0:00:31]} 32. g3 {[%emt 0:01:46]} Ng6 {[%emt 0:01:
01]} 33. Rxc8 {[%emt 0:00:44]} Bxc8 {[%emt 0:00:01]} 34. Bc4+ {[%emt 0:00:21]}
Kh7 {[%emt 0:00:45]} 35. Qd5 {[%emt 0:00:30]} Qa1+ {[%emt 0:01:15]} 36. Kg2 {
[%emt 0:00:17]} Nh8 {[%emt 0:00:51]} 37. Qg8+ {[%emt 0:00:44]} Kg6 {[%emt 0:00:
01]} 38. Nh4+ {[%emt 0:00:10]} Kh5 {[%emt 0:00:50]} 39. Be2+ {[%emt 0:00:17]}
Bg4 {[%emt 0:00:45]} 40. Bxg4+ {[%emt 0:00:13]} Kxg4 {[%emt 0:00:02]} 41. Qxf8
{[%emt 0:30:09]} 1-0